|
|
|
|
| LEADER |
00630cam a2200193 7i4500 |
| 001 |
0000038633 |
| 005 |
20170419090000.0 |
| 020 |
|
|
|a 9789835203787 (pbk.)
|
| 020 |
|
|
|a 9835203784 (pbk.)
|
| 090 |
0 |
0 |
|a BP189.2
|b .O83 2005
|
| 100 |
0 |
|
|a Othman Napiah
|
| 245 |
1 |
0 |
|a Kebersamaan dalam ilmu tasawuf
|c Othman Napiah.
|
| 260 |
|
|
|a Skudai, Johor:
|b Penerbit UTM,
|c 2005.
|
| 300 |
|
|
|a xiii, 138 p.;
|c 23 cm.
|
| 650 |
0 |
0 |
|a Sufism
|
| 650 |
0 |
0 |
|a Religious life --
|x Islam
|
| 997 |
|
|
|a Education & Social Sciences, Faculty
|b Education, Department
|
| 998 |
|
|
|a Islamic Studies, Diploma
|
| 999 |
|
|
|a 0000051288
|b BOK
|c OPEN SHELF
|e 1st Floor, Bestari Jaya
|